Statistics for Day #96: Countries 9600 km away from Lebanon

Click here to take the quiz!

General Stats

  • This quiz has been taken 18 times
  • The average score is 3 of 5

Answer Stats

Answer% Correct
United States of America
100%
Canada
89%
Brazil
72%
Indonesia
44%
Philippines
39%

Score Distribution

Percentile by Number Answered

Percent of People with Each Score

Your Score History

You have not taken this quiz